000 01397 a2200301 4500
001 57609
005 20260407155836.0
008 260407a2022 arg spa d
003 AR-UNSa-BCEJYS
040 _aAR-UNSa-BCEJYS
_bspa
_cAR-UNSa-BCEJYS
080 _a336.226.1
_xImpuestos a las ganancias o los beneficios (Impuesto Diferido)
245 1 0 _aAspectos relevantes para la liquidación 2021 de ganancias y bienes personales
020 _a978-987-01-2889-2
264 1 _aBuenos Aires :
_bErrepar
_c2022
300 _axv, 218 p.
_c21 cm.
505 _a1. Análisis teórico y técnico del impuesto sobre los bienes personales 2121 – 2. Impuesto a las ganancias sobre la renta financiera de las personas humanas – 3. El ajuste por inflación en el impuesto a las ganancias – 4. Remuneraciones de directores y administradores frente al impuesto a las ganancias – 5. La justificación de las variaciones patrimoniales: ¿Por qué es importante?
041 _aspa
942 _cBK
590 _aniveau_biblio:m niveau_hierar:0
100 1 _aCampastro, Miriam Cristina
700 1 _aDiez, Humberto P.
700 1 _aGebhardt, Jorge
700 1 _aMalvitano, Rubén H.
700 1 _aMazzaroni, Diego H.
700 1 _aRodríguez, Marcelo D.
700 1 _aRuetti, Germán J.
856 4 1 _uhttps://biblioeco.unsa.edu.ar/pmb/images/libros/L128784.jpg
_yImagen de portada
_qimage/jpeg
999 _c6208
_d6208